Bluey Characters Quiz #1 - Statistics

General Stats
  • This quiz has been taken 221 times
  • The average score is 10 of 15
Answer Stats
Picture Answer % Correct
Bluey
100%
Bingo
96%
Bandit
91%
Chili
86%
Lucky
81%
Coco
76%
Snickers
74%
Lila
64%
Pat
63%
Chucky
62%
Janelle
46%
Bella
39%
Snickers' Mum
35%
Sheila
21%
Lila's Brother
17%
No matching quizzes found
Score Distribution
Percent of People with Each Score
Percentile by Number Answered
Your Score History
You have not taken this quiz